Champions des 10 Meilleures Ligues de l’UEFA - Statistiques

Statistiques générales
  • Ce quiz a été pris 49 fois
    10 depuis la dernière actualisation
  • Le résultat moyen est 53 sur 241
Statistiques - réponses
Réponse % Correct
Chelsea
90%
Manchester City
90%
Manchester United
90%
AC Milan
80%
Arsenal
80%
Bayern Munich
80%
Inter Bratislava
80%
Inter Milano
80%
Juventus
80%
Leicester City
80%
Liverpool
80%
Olympique Marseille
80%
Real Madrid
80%
Stade Helvétique
80%
AS Roma
70%
Atlético Madrid
70%
Bayer Leverkusen
70%
Borussia Dortmund
70%
Club Atlético Aviación
70%
FC Barcelone
70%
FC Girondins Bordeaux
70%
Galatasaray
70%
Lazio
70%
NAC Breda
70%
Napoli
70%
Olympique Lyonnais
70%
Paris Saint-Germain
70%
Stade Reims
70%
Anderlecht
60%
AS Monaco
60%
Athletic Bilbao
60%
CA Paris-Charenton
60%
FC Nantes
60%
Fenerbahçe
60%
Montpellier HSC
60%
RC Lens
60%
RC Paris
60%
Real Betis
60%
Saint-Étienne
60%
Slavia Prague
60%
Union Saint-Gilloise
60%
Valencia
60%
AJ Auxerre
50%
Ajax
50%
Benfica
50%
Berliner TuFC Union 1892
50%
Beşiktaş
50%
Club Bruges
50%
Fiorentina
50%
Hambourg SV
50%
Leeds United
50%
Porto
50%
PSV
50%
Real Unión
50%
Sevilla
50%
Sporting
50%
AS Strasbourg
40%
Aston Villa
40%
Club Ciclista San Sebastián
40%
FC Schalke 04
40%
Feyenoord
40%
Lille OSC
40%
Newcastle United
40%
Nottingham Forest
40%
OGC Nice
40%
Olympique Lillois
40%
RC Strasbourg
40%
Real Sociedad
40%
Sparta
40%
Sparta Prague
40%
Sunderland
40%
Tottenham Hotspur
40%
Vfb Stuttgart
40%
ASK Vorwärts Berlin
30%
AZ
30%
Bologna
30%
Eintracht Francfort
30%
Everton
30%
FC Cologne
30%
FC Sochaux-Montbéliard
30%
Genk
30%
Genoa
30%
RFC Liège
30%
Sheffield United
30%
Sheffield Wednesday
30%
Vfl Wolfsburg
30%
Werder Brême
30%
Blackburn Olympic
20%
Blackburn Rovers
20%
Boavista
20%
Burnley
20%
Cagliari
20%
CS Brugeois
20%
FC Brugeois
20%
FC Kaiserslautern
20%
FC Twente
20%
Hellas Verona
20%
Hertha BSC
20%
Ipswich Town
20%
İstanbul Başakşehir
20%
RCS Brugeois
20%
Royal Antwerp
20%
Sampdoria
20%
Torino
20%
Viktoria Plzeň
20%
1860 Munich
10%
Belenenses
10%
CO Roubaix-Tourcoing
10%
Daring Club Bruxelles
10%
Derby County
10%
FC Rouen
10%
FC Vorwärts Berlin
10%
Gantoise
10%
KV Malines
10%
Le Havre AC
10%
Portsmouth
10%
Pro Vercelli
10%
Racing Bruxelles
10%
RAP
10%
RC Roubaix
10%
RFC Malinois
10%
SC Sètois
10%
Standard Athletic Club
10%
VfB Leipzig
10%
West Bromwich Albion
10%
Wolverhampton Wanderers
10%
ADO Den Haag
0%
Altınordu İdman Yurdu
0%
Ankara Demirspor
0%
Ankaragücü
0%
Arenas Club Getxo
0%
Baník Ostrava
0%
Beerschot
0%
Be Quick Groningen
0%
Beveren
0%
BFC Dynamo
0%
BFC Preussen
0%
BFC Viktoria 1889
0%
Blackpool
0%
Bohemians Prague 1905
0%
Borussia Mönchengladbach
0%
Britannia Berlin
0%
BSG Chemie Leipzig
0%
BSG Turbine Erfurt
0%
BSG Turbine Halle
0%
Bursaspor
0%
BVV
0%
Cadi-Keuy
0%
ČAFC Prague
0%
Carcavelinhos
0%
Casale
0%
ČFK Kickers Prague
0%
Clapham Rovers
0%
Club Français
0%
Concordia Rotterdam
0%
De Volewijckers
0%
DFC Prag
0%
DOS
0%
Dresdner SC
0%
Dukla Prague
0%
DWS
0%
Dynamo Dresden
0%
ÉFC Fréjus Saint-Raphaël
0%
Eintracht Brunswick
0%
Eskişehir Demirspor
0%
EVV Eindhoven
0%
FC Carl Zeiss Jena
0%
FC Hansa Rostock
0%
FC Karl-Marx Stadt
0%
FC Magdebourg
0%
FC Nuremberg
0%
FC Viktoria 1889 Berlin
0%
FC Wacker Leipzig
0%
Fortuna Düsseldorf
0%
Freiburger FC
0%
Gallia Club Paris
0%
Gençlerbirliği
0%
Go Ahead Eagles
0%
Göztepe
0%
Güneş
0%
Haarlem
0%
Hallam
0%
Hanovre 96
0%
Harbiye
0%
Harp Okulu
0%
HBS
0%
Heracles
0%
HMS Imogene
0%
Holstein Kiel
0%
Hradec Králové
0%
Huddersfield Town
0%
HVV
0%
İdmanocağı
0%
İstanbulspor
0%
Karlsruher FV
0%
Koninklijke HFC
0%
La Coruña
0%
Lierse SK
0%
Limburgia
0%
Marítimo
0%
MFK Vítkovice
0%
Moda FC
0%
Molenbeek
0%
Muhafızgücü
0%
Novese
0%
Old Carthusians
0%
Old Etonians
0%
Olhanense
0%
Oxford University AFC
0%
Phönix Karlsruhe
0%
Preston North End
0%
Quick Den Haag
0%
Racing Club Irún
0%
Rapid JC
0%
Rapid Wien
0%
RCH
0%
Rot-Weiss Essen
0%
Royal Engineers AFC
0%
SC Enschede
0%
SC Motor Jena
0%
SC Wismut Karl-Marx Stadt
0%
SG Planitz
0%
Slovan Bratislava
0%
Slovan Liberec
0%
Spartak Trnava
0%
Spezia
0%
Stade Français
0%
Standard Liège
0%
SV Greuther Fürth
0%
SVV
0%
Talimgâh
0%
Trabzonspor
0%
US Tourquennoise
0%
VfR Mannheim
0%
Viktoria Žižkov
0%
Wanderers
0%
White Daring Molenbeek
0%
Willem II
0%
Zbrojovka Brno
0%
ZSG Horch Zwickau
0%
ZSG Union Halle
0%
Aucun quiz correspondant
Distribution des résultats
% des personnes avec chaque résultat
Percentile par nombre de réponses
Votre historique - résultats
Vous n’avez pas pris ce quiz depuis la dernière actualisation